American painting today
Descripción Física:
179 pàg. : il. col. i b/n ; 32 cm
Materias:
Fons Joan Junyer i Pascual (1909-1994)
; Pintura nord-americana -- S. XX -- Catàlegs
; Pintors -- Estats Units d'Amèrica -- Catàlegs
Idioma:
English
MARC
| LEADER | 00000nam a22000007a 4500 | ||
|---|---|---|---|
| 001 | 24868 | ||
| 003 | AGDB | ||
| 005 | 20260324181536.0 | ||
| 008 | 251015b -us||||| |||| 00| 0 eng d | ||
| 041 | |a eng | ||
| 100 | |a Watson, Forbes, |d 1880-1960 |9 72516 |e autor de l'assaig | ||
| 245 | |a American painting today |c / with an essay by Forbes Watson | ||
| 260 | |a Washington : |b The American Federation of Arts , |c 1939 | ||
| 300 | |a 179 pàg. : |b il. col. i b/n ; |c 32 cm | ||
| 500 | |a Prové del fons Joan Junyer i Pascual (1909-1994) | ||
| 500 | |a Conté dedicatòria manuscrita de l'autor | ||
| 504 | |a Índex d'artistes | ||
| 650 | |a Fons Joan Junyer i Pascual (1909-1994) |9 72777 | ||
| 650 | 0 | |a Pintura nord-americana |y S. XX |2 lemac |9 72517 |v Catàlegs | |
| 650 | 0 | |a Pintors |2 lemac |z Estats Units d'Amèrica |9 40535 |v Catàlegs | |
| 710 | |a American Federation of Arts |9 72518 | ||
| 942 | |2 udc |c ARXIU |n 1 | ||
| 952 | |0 0 |1 0 |4 0 |6 F50481 |7 1 |9 98478 |a Arxiu |b Arxiu |d 2025-10-15 |l 0 |o F-504-81 |p 24868 |r 2025-10-15 13:19:42 |w 2025-10-15 |y ARXIU | ||
| 999 | |c 130232 |d 130232 | ||